| 000 | 01268nam a2200217 a 4500 | ||
|---|---|---|---|
| 008 | 100204s2002 ||||||||||||||||| || u | ||
| 050 | _aHV 7436 Uni | ||
| 100 | _aUnited Nations | ||
| 245 | 1 | 0 |
_aProgramme of action to prevent, combat and eradicate the illicit trade in small arms and light weapons in all its aspects _cby United Nations |
| 260 |
_aNew York: _bUnited Nations department of Public information _c2002 |
||
| 300 | _a94p. | ||
| 350 | _a0.00 | ||
| 500 | _aAdopted by the United Nations conference on the illicit trade in small arms and light weapons in all its aspects, New York, 9 - 20 July 2001 | ||
| 650 | _aFIREARMS | ||
| 650 | _aILLEGAL ARMS TRANSFERS--PREVENTION--INTERNATIONAL COOPERATION | ||
| 650 | _aWAR | ||
| 710 | _aUnited Nations Economic and Social Affairs (UNESA) | ||
| 995 |
_aSPECIAL COLLECTIONS _D0.00 _e52163 _FCBU-MAIN LIBRARY (Kitwe) _H1 _I0.00 _jUNO(02)2002/ 6A _M1 _UAVAILABLE _y52163 _ZInternational Publications |
||
| 995 |
_aSPECIAL COLLECTIONS _D0.00 _e52164 _FCBU-MAIN LIBRARY (Kitwe) _H2 _I0.00 _jUNO(02)2002/ 6B _M2 _UAVAILABLE _y52164 _ZInternational Publications |
||
| 995 |
_aMAIN LIBRARY OPEN ACCESS _D0.00 _e737062 _FCBU-MAIN LIBRARY (Kitwe) _H1 _I0.00 _jHV 7436 Uni _M1 _UAVAILABLE _WFeb 4, 2010 _y39927 _ZMain Library Open Access Collection |
||
| 999 |
_c77258 _d77258 |
||